From nyet to da (Record no. 35844)
[ view plain ]
| 000 -LEADER | |
|---|---|
| fixed length control field | 01343nam a2200349Ia 4500 |
| 100 1# - MAIN ENTRY--AUTHOR NAME | |
| Personal name | Richmond, Yale. |
| 245 10 - TITLE STATEMENT | |
| Title | From nyet to da |
| 250 ## - EDITION STATEMENT | |
| Edition statement | 4th ed. |
| 260 ## - PUBLICATION, DISTRIBUTION, ETC. (IMPRINT) | |
| Place of publication | Boston ; |
| -- | London : |
| Name of publisher | Intercultural Press, |
| Year of publication | c2009. |
| 300 ## - PHYSICAL DESCRIPTION | |
| Number of Pages | xxii, 168 p. : |
| Other physical details | map. |
| 650 #0 - SUBJECT ADDED ENTRY--TOPICAL TERM | |
| Topical Term | National characteristics, Russian. |
| Topical Term | Social psychology |
| 856 40 - ELECTRONIC LOCATION AND ACCESS | |
| Uniform Resource Identifier | http://site.ebrary.com/lib/rucke/Doc?id=10251427 |
No items available.
